Muhammad, encyclopaedia of seerah Vol 2 (Record no. 61428)
[ view plain ]
| 000 -LEADER | |
|---|---|
| fixed length control field | 01040cam a2200301 a 4500 |
| 001 - CONTROL NUMBER | |
| control field | 4793501 |
| 003 - CONTROL NUMBER IDENTIFIER | |
| control field | NUST-PNEC |
| 005 - DATE AND TIME OF LATEST TRANSACTION | |
| control field | 20170116180722.0 |
| 008 - FIXED-LENGTH DATA ELEMENTS--GENERAL INFORMATION | |
| fixed length control field | 870811m19811986enka b 001 0beng |
| 010 ## - LIBRARY OF CONGRESS CONTROL NUMBER | |
| LC control number | 87164572 |
| 020 ## - INTERNATIONAL STANDARD BOOK NUMBER | |
| International Standard Book Number | 0907052142 (set) |
| 040 ## - CATALOGING SOURCE | |
| Original cataloging agency | DLC |
| Transcribing agency | PNEC |
| 050 00 - LIBRARY OF CONGRESS CALL NUMBER | |
| Classification number | BP161.2.M66 |
| Item number | A39 1985 |
| 082 00 - DEWEY DECIMAL CLASSIFICATION NUMBER | |
| Classification number | 297.63 AFZ |
| Edition number | 19 |
| 100 0# - MAIN ENTRY--PERSONAL NAME | |
| Personal name | Afzal-ur-Rahman. |
| 245 10 - TITLE STATEMENT | |
| Title | Muhammad, encyclopaedia of seerah Vol 2 |
| Statement of responsibility, etc. | Afzalur Rahman. |
| 260 ## - PUBLICATION, DISTRIBUTION, ETC. | |
| Place of publication, distribution, etc. | London : |
| Name of publisher, distributor, etc. | Muslim Schools Trust, |
| Date of publication, distribution, etc. | 1985 printing, c1981-1986. |
| 300 ## - PHYSICAL DESCRIPTION | |
| Extent | 4 v. 928 p.: |
| Dimensions | 26 cm. |
| 500 ## - GENERAL NOTE | |
| General note | http://www.amazon.com/Encyclopedia-Seerah-Volumes-I-VI-1-6/dp/0907052142/ref=sr_1_1?ie=UTF8&qid=1414391805&sr=8-1&keywords=0907052142 |
| 504 ## - BIBLIOGRAPHY, ETC. NOTE | |
| Bibliography, etc. note | Includes bibliographies and indexes. |
| 600 00 - SUBJECT ADDED ENTRY--PERSONAL NAME | |
| Personal name | Muḥammad, |
| Titles and other words associated with a name | Prophet, |
| Dates associated with a name | -632. |
| 650 #0 - SUBJECT ADDED ENTRY--TOPICAL TERM | |
| Topical term or geographic name entry element | Islam. |
| 650 #0 - SUBJECT ADDED ENTRY--TOPICAL TERM | |
| Topical term or geographic name entry element | Muslims |
| Geographic subdivision | Saudi Arabia |
| General subdivision | Biography. |
| 740 0# - ADDED ENTRY--UNCONTROLLED RELATED/ANALYTICAL TITLE | |
| Uncontrolled related/analytical title | Encyclopaedia of seerah. |
| 906 ## - LOCAL DATA ELEMENT F, LDF (RLIN) | |
| a | 7 |
| b | cbc |
| c | orignew |
| d | 2 |
| e | ncip |
| f | 19 |
| g | y-gencatlg |
| 942 ## - ADDED ENTRY ELEMENTS (KOHA) | |
| Source of classification or shelving scheme | |
| Koha item type | Book |
| Withdrawn status | Lost status | Source of classification or shelving scheme | Damaged status | Not for loan | Permanent Location | Current Location | Shelving location | Date acquired | Source of acquisition | Cost, normal purchase price | Total Checkouts | Full call number | Barcode | Date last seen | Cost, replacement price | Price effective from | Koha item type |
|---|---|---|---|---|---|---|---|---|---|---|---|---|---|---|---|---|---|
| Pakistan Navy Engineering College (PNEC) | Pakistan Navy Engineering College (PNEC) | Reference | 11/11/1986 | Royal Book Company | 719.00 | 297.63 AFZ | PNECLIB-010338 | 10/27/2014 | 719.00 | 11/11/1986 | Book |
